[Event "Titled Tuesday intern op 13th Jun Late"]
[Site "Chess.com INT"]
[Date "2023.06.13"]
[Round "2"]
[White "Ammar, Sedrani"]
[Black "Trevisan, Rodrigo"]
[Result "1-0"]
[WhiteElo "2188"]
[BlackElo "2052"]
[PlyCount "69"]
[EventDate "2023.06.13"]
[EventType "swiss (blitz)"]
[EventRounds "11"]
[EventCountry "USA"]
[SourceTitle "EXT 2024"]
[Source "ChessBase"]
[SourceDate "2023.10.10"]
[SourceVersion "1"]
[SourceVersionDate "2023.10.10"]
[SourceQuality "1"]

1. c4 Nf6 2. Nc3 g6 3. Nf3 Bg7 4. g3 b6 5. Bg2 Bb7 6. 0-0 0-0 7. d3 d6 8. e4 Nbd7 9. h3 e6 10. Bg5 h6 11. Be3 d5 12. cxd5 exd5 13. e5 Ne8 14. d4 a6 15. Qd2 Kh7 16. Rae1 c5 17. Nh2 cxd4 18. Bxd4 Nc5 19. f4 Nc7 20. Ng4 h5 21. Ne3 N7e6 22. Nexd5 Nxd4 23. Qxd4 Ne6 24. Qxb6 Bxd5 25. Nxd5 Rb8 26. Qxd8 Rfxd8 27. b3 Rbc8 28. Rc1 Nd4 29. Rxc8 Rxc8 30. Rd1 Ne2+ 31. Kh2 Nc3 32. Rc1 Rd8 33. Rxc3 Bf8 34. Rc7 Kg7 35. e6 1-0

[Event "Titled Tuesday intern op 13th Jun Late"]
[Site "Chess.com INT"]
[Date "2023.06.13"]
[Round "1"]
[White "Baziuk, Vladyslav"]
[Black "Trevisan, Rodrigo"]
[Result "1-0"]
[WhiteElo "2201"]
[BlackElo "2052"]
[PlyCount "85"]
[EventDate "2023.06.13"]
[EventType "swiss (blitz)"]
[EventRounds "11"]
[EventCountry "USA"]
[SourceTitle "EXT 2024"]
[Source "ChessBase"]
[SourceDate "2023.10.10"]
[SourceVersion "1"]
[SourceVersionDate "2023.10.10"]
[SourceQuality "1"]

1. e4 c5 2. Nf3 d6 3. d4 cxd4 4. Nxd4 Nf6 5. Nc3 a6 6. f3 e5 7. Nb3 Be6 8. Be3 h5 9. Qd2 Nbd7 10. 0-0-0 Be7 11. Kb1 Rc8 12. Bd3 b5 13. h3 Nc5 14. g4 g6 15. g5 Nfd7 16. f4 exf4 17. Bxf4 Ne5 18. Nd4 Nc4 19. Bxc4 bxc4 20. Nxe6 Nxe6 21. Bxd6 Bxd6 22. Qxd6 Qxd6 23. Rxd6 0-0 24. h4 a5 25. Rhd1 Nc5 26. R1d5 Rfe8 27. e5 Re6 28. Rxe6 Nxe6 29. Rxa5 Nd4 30. Ne4 Nf3 31. Nf6+ Kg7 32. e6 Rd8 33. a4 fxe6 34. Ra7+ Kf8 35. a5 e5 36. a6 Nd4 37. Nd7+ Kg8 38. Nxe5 Nb5 39. Rb7 Nd6 40. Rd7 Rxd7 41. Nxd7 Nb5 42. Ne5 Kg7 43. Nxc4 1-0

[Event "Titled Tuesday intern op 13th Jun Late"]
[Site "Chess.com INT"]
[Date "2023.06.13"]
[Round "5"]
[White "Quinonez Garcia, Santiago"]
[Black "Trevisan, Rodrigo"]
[Result "1-0"]
[WhiteElo "2259"]
[BlackElo "2052"]
[PlyCount "135"]
[EventDate "2023.06.13"]
[EventType "swiss (blitz)"]
[EventRounds "11"]
[EventCountry "USA"]
[SourceTitle "EXT 2024"]
[Source "ChessBase"]
[SourceDate "2023.10.10"]
[SourceVersion "1"]
[SourceVersionDate "2023.10.10"]
[SourceQuality "1"]

1. d4 Nf6 2. c4 g6 3. Nc3 d5 4. cxd5 Nxd5 5. e4 Nxc3 6. bxc3 c5 7. Nf3 Bg7 8. Be3 Qa5 9. Nd2 Nc6 10. d5 Ne5 11. Rc1 0-0 12. f3 e6 13. Nb3 Qxa2 14. Nxc5 exd5 15. exd5 b6 16. Ne4 Bf5 17. Be2 Bxe4 18. fxe4 Nc4 19. Bd4 Rfe8 20. Bxg7 Rxe4 21. Bd4 Rae8 22. Rc2 Nb2 23. 0-0 Nxd1 24. Rxa2 Rxe2 25. Rxe2 Rxe2 26. Rxd1 Kf8 27. d6 Ke8 28. d7+ Kxd7 29. Bxb6+ Kc6 30. Bxa7 Ra2 31. Bd4 Kd5 32. Rf1 f5 33. Re1 Kc4 34. h3 Kd3 35. Re7 Ra1+ 36. Kh2 h5 37. Re6 g5 38. Re5 f4 39. Rxg5 Ra2 40. Rf5 Ke4 41. Rf8 h4 42. Rf7 Rc2 43. Re7+ Kf5 44. Kg1 Rc1+ 45. Kf2 Rc2+ 46. Kf3 Rc1 47. Re5+ Kg6 48. Kxf4 Rf1+ 49. Kg4 Rd1 50. Kxh4 Rd2 51. g4 Kf7 52. Rf5+ Ke6 53. Rf6+ Ke7 54. Rf2 Kd7 55. Rxd2 Ke6 56. g5 Kf5 57. Rf2+ Kg6 58. Rf6+ Kh7 59. Kh5 Kg7 60. Rf5+ Kg8 61. Rd5 Kf7 62. Rd6 Ke7 63. Rf6 Ke8 64. g6 Ke7 65. g7 Kd7 66. g8Q Kc7 67. Qg7+ Kc8 68. Rf8# 1-0

[Event "Araraquara op"]
[Site "Araraquara"]
[Date "2023.02.21"]
[Round "6.5"]
[White "Do Valle Cardoso, Lucas"]
[Black "Trevisan, Rodrigo"]
[Result "1/2-1/2"]
[WhiteElo "2243"]
[BlackElo "2041"]
[PlyCount "57"]
[EventDate "2023.02.19"]
[EventType "swiss"]
[EventRounds "6"]
[EventCountry "BRA"]
[SourceTitle "CBM 213 Extra"]
[Source "ChessBase"]
[SourceDate "2023.05.31"]
[SourceVersion "1"]
[SourceVersionDate "2023.05.31"]
[SourceQuality "1"]

1. e4 c5 2. Nf3 d6 3. d4 cxd4 4. Nxd4 Nf6 5. Nc3 a6 6. Be3 e5 7. Nb3 Be6 8. f3 Be7 9. Qd2 h5 10. Nd5 Nxd5 11. exd5 Bf5 12. Be2 a5 13. 0-0 a4 14. Nc1 Nd7 15. Nd3 Qa5 16. Qxa5 Rxa5 17. b4 Rxd5 18. Nf2 Bxc2 19. Bc4 Nf6 20. Ne4 Rd3 21. Bxd3 Bxd3 22. Rfd1 Bxe4 23. fxe4 Nxe4 24. Rac1 Kd7 25. Bb6 Bd8 26. Bxd8 Rxd8 27. Rc4 Ng5 28. b5 Ra8 29. Kf2 1/2-1/2

[Event "Araraquara op"]
[Site "Araraquara"]
[Date "2023.02.20"]
[Round "3.3"]
[White "Trevisan, Rodrigo"]
[Black "Rodi, Luis Ernesto"]
[Result "1/2-1/2"]
[WhiteElo "2041"]
[BlackElo "2295"]
[PlyCount "96"]
[EventDate "2023.02.19"]
[EventType "swiss"]
[EventRounds "6"]
[EventCountry "BRA"]
[SourceTitle "CBM 213 Extra"]
[Source "ChessBase"]
[SourceDate "2023.05.31"]
[SourceVersion "1"]
[SourceVersionDate "2023.05.31"]
[SourceQuality "1"]

1. c4 e5 2. g3 Nf6 3. Bg2 c6 4. d4 e4 5. Bg5 d5 6. Nc3 Bb4 7. e3 Nbd7 8. Nge2 0-0 9. Qb3 Bxc3+ 10. Nxc3 h6 11. Bf4 Nb6 12. cxd5 Nbxd5 13. 0-0 Nxf4 14. exf4 Re8 15. Rfe1 Qxd4 16. Rad1 Qb6 17. Nxe4 Nxe4 18. Rxe4 Be6 19. Qxb6 axb6 20. Rde1 Red8 21. a3 Rd2 22. R4e2 Rad8 23. h3 g6 24. b4 b5 25. Rxd2 Rxd2 26. g4 Kg7 27. Bf3 Kf6 28. Re3 h5 29. gxh5 gxh5 30. Bxh5 Rd4 31. Kg2 Rxf4 32. Kg3 Rd4 33. Bg4 Bd5 34. Bf3 b6 35. Bxd5 Rxd5 36. Rb3 Rd4 37. h4 Kg6 38. Rc3 Rc4 39. Rd3 Kh5 40. Rd6 Rc3+ 41. Kf4 Rxa3 42. Rxc6 Rb3 43. Rxb6 Rxb4+ 44. Kf5 Rb2 45. f4 Kxh4 46. Kf6 Kg4 47. f5 b4 48. Rb7 Kf4 1/2-1/2

[Event "Florianopolis op 9th"]
[Site "Florianopolis"]
[Date "2023.01.27"]
[Round "7"]
[White "Trevisan, Rodrigo"]
[Black "Casalaspro, Mathias Andre"]
[Result "1-0"]
[WhiteElo "2101"]
[BlackElo "1806"]
[PlyCount "95"]
[EventDate "2023.01.23"]
[EventType "swiss"]
[EventRounds "10"]
[EventCountry "BRA"]
[SourceTitle "CBM 212 Extra"]
[Source "ChessBase"]
[SourceDate "2023.03.31"]
[SourceVersion "1"]
[SourceVersionDate "2023.03.31"]
[SourceQuality "1"]

1. c4 Nf6 2. Nc3 e6 3. d4 Bb4 4. a3 Bxc3+ 5. bxc3 d5 6. Bg5 b6 7. e3 Ba6 8. f3 0-0 9. e4 h6 10. Bh4 dxe4 11. fxe4 g5 12. e5 Ne4 13. Qc2 Bb7 14. Bd3 f5 15. exf6 Qxf6 16. Nf3 Qf4 17. 0-0 gxh4 18. Rae1 Nf6 19. Rxe6 Nbd7 20. d5 Nc5 21. Nd4 Nxe6 22. Rxf4 Nxf4 23. Bf5 Rae8 24. Be6+ Kh8 25. Qf5 Nd7 26. Qg4 Ne5 27. Qxh4 Kg7 28. Qe1 Neg6 29. Qg3 Bc8 30. h4 Bxe6 31. dxe6 Kh7 32. h5 Ne5 33. Qe3 Nfd3 34. Qe4+ Kh8 35. Qd5 Rf6 36. e7 c5 37. Qd8 Rxd8 38. exd8Q+ Kg7 39. Qe7+ Rf7 40. Ne6+ Kh7 41. Qe8 a5 42. Nd8 Rg7 43. Kf1 Rg5 44. Qe7+ Rg7 45. Qe6 Rd7 46. Nc6 Rf7+ 47. Kg1 Nxc6 48. Qxc6 1-0

[Event "Florianopolis op 9th"]
[Site "Florianopolis"]
[Date "2023.01.25"]
[Round "4"]
[White "Labussiere, Victor"]
[Black "Trevisan, Rodrigo"]
[Result "1/2-1/2"]
[WhiteElo "2315"]
[BlackElo "2101"]
[PlyCount "128"]
[EventDate "2023.01.23"]
[EventType "swiss"]
[EventRounds "10"]
[EventCountry "BRA"]
[SourceTitle "CBM 212 Extra"]
[Source "ChessBase"]
[SourceDate "2023.03.31"]
[SourceVersion "1"]
[SourceVersionDate "2023.03.31"]
[SourceQuality "1"]

1. Nf3 d5 2. d4 Nf6 3. c4 e6 4. g3 Be7 5. Bg2 0-0 6. 0-0 dxc4 7. Qc2 a6 8. a4 Bd7 9. Qxc4 Bc6 10. Bg5 Nbd7 11. Rd1 h6 12. Bxf6 Nxf6 13. Nc3 a5 14. e3 Bb4 15. Rac1 Bxc3 16. Rxc3 Nd5 17. Ra3 Nb4 18. Ne5 Bxg2 19. Kxg2 Qd5+ 20. Qxd5 exd5 21. Nd3 Nxd3 22. Raxd3 c6 23. Rb3 Ra7 24. Rb6 Re8 25. g4 Re7 26. Kg3 Ra8 27. h4 g6 28. Kf4 Re4+ 29. Kg3 Re7 30. Rb1 Kf8 31. g5 h5 32. b4 axb4 33. R1xb4 Rc7 34. Rxb7 Rxb7 35. Rxb7 Rxa4 36. Rc7 Rc4 37. Kf4 Rc2 38. f3 Kg7 39. Rc8 Rh2 40. Kg3 Rc2 41. Kf4 Rh2 42. Rxc6 Rxh4+ 43. Kg3 Rh1 44. Rc2 Rg1+ 45. Kf4 h4 46. e4 dxe4 47. fxe4 Rf1+ 48. Ke5 Rg1 49. Kf4 Rf1+ 50. Ke3 Rg1 51. Rh2 Rxg5 52. Rxh4 Rg1 53. d5 Kf6 54. Rf4+ Ke7 55. e5 Re1+ 56. Kd4 Rd1+ 57. Kc5 Rc1+ 58. Rc4 Rxc4+ 59. Kxc4 g5 60. Kd4 f5 61. Ke3 f4+ 62. Ke4 Kd7 63. Kf3 Ke7 64. Kg4 Kd7 1/2-1/2

[Event "BRA-ch 87th"]
[Site "Cuiaba"]
[Date "2021.11.01"]
[Round "7"]
[White "Filgueiras, Nathan Felipe"]
[Black "Trevisan, Rodrigo"]
[Result "1-0"]
[WhiteElo "2312"]
[BlackElo "2111"]
[PlyCount "57"]
[EventDate "2021.10.28"]
[EventType "swiss"]
[EventRounds "11"]
[EventCountry "BRA"]
[SourceTitle "CBM 205 Extra"]
[Source "ChessBase"]
[SourceDate "2022.01.31"]
[SourceVersion "1"]
[SourceVersionDate "2022.01.31"]
[SourceQuality "1"]

1. e4 c5 2. Nf3 d6 3. d4 cxd4 4. Nxd4 Nf6 5. Nc3 a6 6. Bd3 e5 7. Nde2 Qc7 8. 0-0 Be6 9. Ng3 h5 10. h3 Nbd7 11. Be3 b5 12. f4 h4 13. Nge2 b4 14. Na4 Qc6 15. c3 Bc4 16. b3 Bxd3 17. Qxd3 Qxe4 18. Qxe4 Nxe4 19. cxb4 d5 20. fxe5 Bxb4 21. Rad1 Rh5 22. Rxd5 Rxe5 23. Rxe5+ Nxe5 24. Rf4 f5 25. Rxf5 0-0-0 26. Nd4 Re8 27. Bf4 Nd3 28. Rf7 Re7 29. Rf8+ 1-0

[Event "Caioba Telecom op"]
[Site "Caioba"]
[Date "2018.08.05"]
[Round "9"]
[White "Moyses Sobrinho, Elias"]
[Black "Trevisan, Rodrigo"]
[Result "0-1"]
[WhiteElo "1914"]
[BlackElo "2124"]
[PlyCount "66"]
[EventDate "2018.08.01"]
[EventType "swiss"]
[EventRounds "9"]
[EventCountry "BRA"]
[SourceTitle "CBM 186 Extra"]
[Source "ChessBase"]
[SourceDate "2018.08.24"]
[SourceVersion "1"]
[SourceVersionDate "2018.08.24"]
[SourceQuality "1"]

1. d4 Nf6 2. c4 g6 3. Nc3 d5 4. Bg5 Bg7 5. Bxf6 Bxf6 6. cxd5 c6 7. dxc6 Nxc6 8. e3 0-0 9. Nf3 Qb6 10. Qd2 Rd8 11. Na4 Qb4 12. Qxb4 Nxb4 13. Rc1 Nxa2 14. Rc7 Nb4 15. Nc5 Nd5 16. Nxb7 Rf8 17. Rxc8 Raxc8 18. Nc5 Rfd8 19. Ba6 Rb8 20. b3 Nb4 21. Bc4 e5 22. Nxe5 Bxe5 23. dxe5 Nc2+ 24. Ke2 Na3 25. Rc1 Nxc4 26. Rxc4 Rd5 27. e4 Rdd8 28. b4 Rdc8 29. Rd4 a5 30. Nd3 a4 31. Nc5 a3 32. Na6 a2 33. Rd1 Rb6 0-1

[Event "Caioba Telecom op"]
[Site "Caioba"]
[Date "2018.08.04"]
[Round "7"]
[White "Trevisan, Rodrigo"]
[Black "Serafim Junior, Arnor"]
[Result "1/2-1/2"]
[WhiteElo "2124"]
[BlackElo "1813"]
[PlyCount "49"]
[EventDate "2018.08.01"]
[EventType "swiss"]
[EventRounds "9"]
[EventCountry "BRA"]
[SourceTitle "CBM 186 Extra"]
[Source "ChessBase"]
[SourceDate "2018.08.24"]
[SourceVersion "1"]
[SourceVersionDate "2018.08.24"]
[SourceQuality "1"]

1. c4 d6 2. Nc3 Nf6 3. g3 e5 4. Bg2 Be7 5. Nf3 0-0 6. d4 Nbd7 7. 0-0 c6 8. Qc2 Qc7 9. b3 Re8 10. Bb2 Nf8 11. h3 Ng6 12. Rac1 Bd7 13. b4 exd4 14. Nxd4 Qb6 15. c5 dxc5 16. bxc5 Qxc5 17. Rfd1 Red8 18. Qa4 Qh5 19. g4 Bxg4 20. hxg4 Nxg4 21. Nf3 Nh4 22. Nxh4 Bxh4 23. Ne4 Rxd1+ 24. Rxd1 Bxf2+ 25. Kf1 1/2-1/2

[Event "Caioba Telecom op"]
[Site "Caioba"]
[Date "2018.08.03"]
[Round "5"]
[White "Trevisan, Rodrigo"]
[Black "Aranha Filho, Alvaro Zimmermann"]
[Result "0-1"]
[WhiteElo "2124"]
[BlackElo "2284"]
[PlyCount "79"]
[EventDate "2018.08.01"]
[EventType "swiss"]
[EventRounds "9"]
[EventCountry "BRA"]
[SourceTitle "CBM 186 Extra"]
[Source "ChessBase"]
[SourceDate "2018.08.24"]
[SourceVersion "1"]
[SourceVersionDate "2018.08.24"]
[SourceQuality "1"]

1. c4 c5 2. Nc3 Nc6 3. Nf3 e5 4. e3 f5 5. d4 e4 6. d5 exf3 7. dxc6 dxc6 8. Qxd8+ Kxd8 9. gxf3 Bd6 10. e4 Ne7 11. Bg5 h6 12. 0-0-0 hxg5 13. e5 Bd7 14. Rxd6 Kc7 15. h3 Rh6 16. Rg1 Ng6 17. f4 Nxf4 18. Rxg5 Rxd6 19. exd6+ Kxd6 20. Rxg7 Rh8 21. Rg3 Rh7 22. Rf3 Ke5 23. Kd2 Be6 24. b3 Ng6 25. Na4 b6 26. Nb2 Kf6 27. Nd3 Rd7 28. Kc3 Rd4 29. Nb2 Ne5 30. Re3 f4 31. Re1 Rd7 32. Nd3 Ng6 33. f3 Rh7 34. Nf2 Ne5 35. Re4 Bf5 36. Rxf4 Kg5 37. Nd3 Ng6 38. Re4 Bxe4 39. fxe4 Re7 40. Bg2 0-1